000 00273nam a2200109Ia 4500
001 1261646
005 20260417140356.0
008 260417s9999 xx 000 0 und d
020 _a9786257303163
245 0 _aDeli Gömleği
_cGüray Süngü
260 _bKetebe Yayınları
999 _c1261646
_d1261646